A CRITICAL ANALYSIS OF RIGHTS OF PRISONERS IN INDIA (Record no. 35038)

MARC details
000 -LEADER
fixed length control field 00306nam a22001337a 4500
003 - CONTROL NUMBER IDENTIFIER
control field SGT
082 ## - DEWEY DECIMAL CLASSIFICATION NUMBER
Classification number 365
Item number KAU
100 ## - MAIN ENTRY--PERSONAL NAME
Personal name KAUR PRABHJEET
245 ## - TITLE STATEMENT
Title A CRITICAL ANALYSIS OF RIGHTS OF PRISONERS IN INDIA
260 ## - PUBLICATION, DISTRIBUTION, ETC. (IMPRINT)
Place of publication, distribution, etc GURUGRAM
Name of publisher, distributor, etc SGTU
Year of Publication 2023
300 ## - PAGE DESCRIPTION
No. of Pages 94
942 ## - ADDED ENTRY ELEMENTS (KOHA)
Source of classification or shelving scheme Dewey Decimal Classification
Koha item type Thesis/Dissertation
Holdings
Withdrawn status Lost status Source of classification or shelving scheme Damaged status Not for loan Collection code Home library Current library Date acquired SGTU Total Checkouts Full call number Accession No. (Barcode) Date last seen Bill Date Koha item type
    Dewey Decimal Classification   Not For Loan LAW SGT Science & Social Sciences Library SGT Science & Social Sciences Library 03/07/2026 SGTU   365 KAU DT2978 03/07/2026 03/07/2026 Thesis/Dissertation